[Event "HUN-chT2 Toth 1213"]
[Site "Hungary"]
[Date "2013.04.21"]
[Round "11.12"]
[White "Rescsik, Dora"]
[Black "Szegletes, Zita"]
[Result "1/2-1/2"]
[WhiteElo "1240"]
[BlackElo "1249"]
[PlyCount "35"]
[EventDate "2012.09.16"]
[EventType "team-tourn"]
[EventRounds "11"]
[EventCountry "HUN"]
[SourceTitle "EXT 2014"]
[Source "ChessBase"]
[SourceDate "2013.11.20"]
[SourceVersion "1"]
[SourceVersionDate "2013.11.20"]
[SourceQuality "1"]
[WhiteTeam "Roszke II"]
[BlackTeam "Maroczy II"]
[WhiteTeamCountry "HUN"]
[BlackTeamCountry "HUN"]

1. Nf3 Nf6 2. g3 d6 3. Bg2 g6 4. d3 Bg7 5. e4 Nc6 6. 0-0 e5 7. c3 0-0 8. Bg5 Ne7 9. Re1 Re8 10. Nbd2 c5 11. Nb3 Bg4 12. Qd2 Qc7 13. d4 cxd4 14. cxd4 Nh5 15. Rac1 Qb6 16. dxe5 dxe5 17. h3 Be6 18. Be3 1/2-1/2